| 000 | 00883nam a2200229 i 4500 | ||
|---|---|---|---|
| 001 | 29705 | ||
| 003 | ES-MaACL | ||
| 005 | 20230906154056.0 | ||
| 007 | t| | ||
| 008 | 030122s1951 sp af |||| | spa d | ||
| 100 | 1 |
_aBaró y Zorrilla, Fernando. _925749 |
|
| 245 | 1 | 0 |
_aPinares de la Meseta Sur del Duero (Castilla la Vieja) _b: hoja número 429 : Navas de Oro (Segovia) : memoria / _cFernando Baró y Zorrilla. |
| 260 |
_aMadrid : _b[s.n., _c1951] ( _fTalleres del Instituto Geográfico) |
||
| 300 |
_a245 p., 40 lám. : _bil., 15 gráf. pleg. ; _c24 cm. |
||
| 490 | 1 | _aMapa agronómico nacional | |
| 500 | _aPrecede al tít.: Ministerio de Agricultura. | ||
| 650 | 4 |
_aAgricultura- _zSegovia (Provincia) _9169970 |
|
| 710 | 1 |
_aEspaña. _bMinisterio de Agricultura. _93837 |
|
| 830 | 0 |
_aMapa agronómico nacional _9184287 |
|
| 852 |
_aES-MaACL _jD-6851 |
||
| 999 |
_c29705 _d29705 |
||